Španielsko-slovenský a slovensko-španielsky slovník /
Gespeichert in:
| Hauptverfasser: | , |
|---|---|
| Format: | Buch |
| Sprache: | Slowakisch |
| Veröffentlicht: |
Bratislava :
Slovenské pedagogické nakladateľstvo,
1988
|
| Ausgabe: | 3.vyd. |
| Tags: |
Keine Tags, Fügen Sie das erste Tag hinzu!
|
MARC
| LEADER | 00000nam a22000003a 4500 | ||
|---|---|---|---|
| 001 | stu31346 | ||
| 005 | 20150617225735.4 | ||
| 008 | 931022s1988----xo------------------slo-d | ||
| 020 | |a 80-08-00008-2 | ||
| 040 | |a STU |b slo | ||
| 041 | 0 | |a slo | |
| 044 | |a xo | ||
| 080 | |a 801.323=60=854 | ||
| 100 | 1 | |a Škultéty, Jozef |4 aut | |
| 245 | 1 | |a Španielsko-slovenský a slovensko-španielsky slovník / |c [aut.] Škultéty,Jozef; Šulhan,Jozef | |
| 250 | |a 3.vyd. | ||
| 260 | |a Bratislava : |b Slovenské pedagogické nakladateľstvo, |c 1988 | ||
| 300 | |a 1209 s | ||
| 700 | 1 | |a Šulhan, Jozef |4 aut | |
| 996 | |b J87882 |c J*87882 |l JJST |s P |a 0 |w stu31346_0001 | ||
| 996 | |b J87883 |c J*87883 |l JJST |s P |a 0 |w stu31346_0002 | ||
| 996 | |b J92372 |c J*92372 |l JJST |s P |a 0 |w stu31346_0003 | ||
| 996 | |b 284J030323 |c J*81890 |l JJSK |s A |a 24 |w stu31346_0004 | ||